[Event "RCCA Qual EM-1/3 0304"]
[Site "RCCA"]
[Date "2004.??.??"]
[Round "?"]
[White "Yankovsky, Oleg Fedorovich"]
[Black "Shorokhov, Sergey Ivanovich"]
[Result "0-1"]
[WhiteElo "2000"]
[BlackElo "2000"]
[PlyCount "82"]
[EventDate "2004.??.??"]
[EventType "tourn (corr)"]
[EventRounds "14"]
[EventCountry "RUS"]
[SourceTitle "Corr 2011"]
[Source "ChessBase"]
[SourceDate "2010.08.31"]
[SourceVersion "1"]
[SourceVersionDate "2010.08.31"]
[SourceQuality "1"]

1. e4 e6 2. d4 d5 3. Bd3 c5 4. exd5 exd5 5. Nf3 Nc6 6. dxc5 Bxc5 7. 0-0 Nf6 8. Nc3 0-0 9. Bg5 Be6 10. Bb5 a6 11. Bxc6 bxc6 12. Ne5 Rc8 13. a3 h6 14. Bh4 Rc7 15. b4 Be7 16. Re1 Bf5 17. Nf3 Qc8 18. Qd2 Re8 19. Nd4 Bg6 20. Re2 Ne4 21. Nxe4 Bxh4 22. Nc5 Rxe2 23. Qxe2 a5 24. bxa5 Bf6 25. c3 Qf8 26. Nd3 Re7 27. Qd2 Qa8 28. Nf4 Be4 29. Re1 Bg5 30. g3 c5 31. Nb3 d4 32. cxd4 Bxf4 33. gxf4 Bh1 34. f3 Rxe1+ 35. Qxe1 Qxf3 36. Qd2 Qxb3 37. Kxh1 c4 38. Qe1 c3 39. Qe8+ Kh7 40. Qe4+ g6 41. f5 c2 0-1